Religious Thought in the 18th Century. (Record no. 6300)

MARC details
000 -LEADER
fixed length control field 00588nam a2200229 a 4500
020 ## - INTERNATIONAL STANDARD BOOK NUMBER
ISBN
082 00 - DEWEY DECIMAL CLASSIFICATION NUMBER
Classification number 270.81
Author Cutter CRE
100 ## - MAIN ENTRY--AUTHOR NAME
Author name Creed, John Martin
245 ## - TITLE STATEMENT
Title Religious Thought in the 18th Century.
260 ## - PUBLICATION, DISTRIBUTION, ETC. (IMPRINT)
Place of publication Cambridge
Name of publisher Cambridge University Press
Year of publication 1934
300 ## - PHYSICAL DESCRIPTION
Number of Pages 302p
500 ## - GENERAL NOTE
General note includes index and biblioraphy
505 2# - FORMATTED CONTENTS NOTE
Formatted contents note Index.
650 ## - SUBJECT ADDED ENTRY--TOPICAL TERM
Topical Term Christianity-History-18th Century
942 ## - ADDED ENTRY ELEMENTS (KOHA)
Koha item type Books
Holdings
Collection code Home library Current library Date acquired Cost, normal purchase price Full call number Accession Number Koha item type
  Henry Martyn Institute Library Henry Martyn Institute Library 07/17/2007 100.00 270.81 CRE 012598 Books
                   Copyright © 2026 | Henry Martyn Institute | Hyderabad | TS-500052 | INDIA | Implemented by hmi.edu.in
Hit-Count:

Powered by Koha